Compiler design in C / (Record no. 473)

MARC details
000 -LEADER
fixed length control field 00623nac a22001931u 4500
008 - FIXED-LENGTH DATA ELEMENTS--GENERAL INFORMATION
fixed length control field 130102s2004 ii |||||r|||| 00| 0 eng d
010 ## - LIBRARY OF CONGRESS CONTROL NUMBER
LC control number 89038733
020 ## - INTERNATIONAL STANDARD BOOK NUMBER
International Standard Book Number 0131550454
020 ## - INTERNATIONAL STANDARD BOOK NUMBER
International Standard Book Number 812030778x
082 00 - DEWEY DECIMAL CLASSIFICATION NUMBER
Classification number 005.453
Item number HOL
Edition number 22
100 ## - MAIN ENTRY--PERSONAL NAME
Personal name Holub, Allen I.
9 (RLIN) 31762
245 10 - TITLE STATEMENT
Title Compiler design in C /
Statement of responsibility, etc Allen I. Holub.
260 ## - PUBLICATION, DISTRIBUTION, ETC. (IMPRINT)
Place of publication, distribution, etc New Delhi :
Name of publisher, distributor, etc Prentice Hall of India,
Date of publication, distribution, etc 2004.
300 ## - PHYSICAL DESCRIPTION
Extent xviii, 924 p. ;
Dimensions 27 cm.
440 #0 -
-- Prentice-Hall software series
-- 31763
650 #0 - SUBJECT ADDED ENTRY--TOPICAL TERM
Topical term or geographic name as entry element Compilers (Computer programs)
9 (RLIN) 31764
650 #0 - SUBJECT ADDED ENTRY--TOPICAL TERM
Topical term or geographic name as entry element C (Computer program language)
9 (RLIN) 31765
942 ## - ADDED ENTRY ELEMENTS (KOHA)
Item type Book - Borrowing
Call number prefix 005.453HOL
Source of classification or shelving scheme Dewey Decimal Classification
Holdings
Withdrawn status Item status Source of classification or shelving scheme Damaged status Not for loan Vendor Home library Current library Shelving location Date acquired Source of acquisition Cost, normal purchase price Total Checkouts Full call number Barcode Date last seen Date last borrowed Cost, replacement price Koha item type
    Dewey Decimal Classification       Central Library Central Library Lower Floor 29/06/2006   88.00 1 005.4/53 HOL 000004151 15/07/2025 18/11/2008 110.00 Book - Borrowing